Cuisiner les pommes de terre - Statistiques

Statistiques générales
  • Ce quiz a été pris 540 fois
    289 depuis la dernière actualisation
  • Le résultat moyen est 5 sur 25
Statistiques - réponses
Indices Préparation % Correct
Ecrasée Purée
97%
En tronçons à l'huile Frites
78%
Fines à l'apéro Chips
65%
Purée grossière Ecrasé
46%
Hors de l'eau, en cocotte Vapeur
46%
Baignant dans H2O A l'eau
36%
Avec de la pâte à choux Dauphine
35%
Pas nobles pourtant Duchesse
27%
Au beurre Rissolée
25%
Gonflée Soufflée
19%
A la viande Farcie
14%
Au four avec la pelure En robe des champs
11%
A la graisse Sarladaise
10%
Enrobée de chapelure Croquette
8%
Froides En salade
7%
Râpée Paillasson
7%
Au four dans un plat En gratin
3%
Emballée En papillote
3%
Au beurre clarifié Anna
2%
Rapide Au micro-onde
2%
Avec des oignons Boulangère
2%
Mises à plat En galette
2%
Sans graisse sur une plaque Plancha
2%
Il faut un feu A la cendre
1%
A l'asiatique Au wok
0%
Aucun quiz correspondant
Distribution des résultats
% des personnes avec chaque résultat
Percentile par nombre de réponses
Votre historique - résultats
Vous n’avez pas pris ce quiz depuis la dernière actualisation